000 00678nam a22002417a 4500
003 UA-OsUOA
001 136522
007 ta
008 20190329b un ||||| |||| 00| 0 ukr d
100 _aФадєєв О.
090 _a94(477)"6"
_bФ15
942 _cBK
040 _aUA-OsUOA
_bukr
_cUA-OsUOA
_dUA-OsUOA
245 _aДолітописна історія України
300 _a424 с.
955 _a2
041 _aukr
080 _a94(477)"6"
020 _a978-617-7398-17-1
260 _aК.
_bУкраїнський пріоритет
_c2016
650 7 _a9 Географія. Біографії. Історія
_2UDC
999 _c409883
_d409883